TOP 20 MVP Top 5 Leagues 2025/26 - Statistics

General Stats
  • This quiz has been taken 7 times
  • The average score is 14 of 23
Answer Stats
Nr League Total Goal Assist Answer % Correct
8 Bundesliga 26 19 7 Deniz Undav
100%
2 Premier League 35 27 8 Erling Haaland
100%
1 Bundesliga 41 36 5 Harry Kane
100%
3 Bundesliga 34 16 18 Michael Olise
100%
La Liga 30 25 5 Kylian Mbappe
80%
7 La Liga 27 16 11 Lamine Yamal
80%
6 Bundesliga 29 15 14 Luis Diaz
80%
La Liga 21 16 5 Vinicius Junior
80%
4 Premier League 30 9 21 Bruno Fernandes
60%
15 PL/Serie A 21 18 3 Donyell Malen
60%
Ligue 1 26 21 5 Esteban Lepaul
60%
Premier League 23 21 1 Igor Thiago
60%
Serie A 23 17 6 Lautaro Martinez
60%
11 Ligue 1 23 16 7 Mason Greenwood
60%
19 Bundesliga 20 14 6 Andrej Kramaric
40%
Premier League 21 17 4 Antoine Semenyo
40%
Bundesliga 21 8 13 Christopher Baumgartner
40%
Serie A 23 6 17 Federico Dimarco
40%
Premier League 20 9 11 Jarrod Bowen
40%
10 La Liga 24 23 1 Vedat Muriqi
40%
Bundesliga 20 12 8 Yan Diomande
40%
La Liga 20 14 6 Georges Mikautadze
20%
Premier League 20 15 5 Joao Pedro
20%
No matching quizzes found
Score Distribution
Percent of People with Each Score
Percentile by Number Answered
Your Score History
You have not taken this quiz